00958ngm a2200313 4500003000400000005001700004007000500021008004100026010002000067024002300087035002000110040001300130082001300143245006000156260002600216300005100242440002600293500002900319538005100348538007900399650001900478700001800497700001700515700002900532700002100561700002300582700001400605700002500619dpl20100310132853.0DVD ||||||sp199 xxu|||||c ||| 00| 0 ng d  aDVD-006289-6296 c399.00aAVDVD121CE aDVD-006289-6296 aDPLcDPL aDVD APAR aAparajitocSatyajit Ray Presentsh[videorecording] DVD/ bAngel Digital Premium a1 videodisc DVD; bsd., col. ;c4 3/4 in.fDVD aAngel Digital Premium a 5 International Awards  aDolby Digital 5.1 - Bengali Subtitles: English aNTSC Format-All Regions, 16x9 Anamorphic (2:23.1 Aspect Ratio), Dual Layer aMotion Picture aRay, Satyajit aRavi Shankar aBanerjee, Bibhuti Bhusan aSengupta, Pinaki aBandopadhyay, Kanu aRani Bala aGhosh, Charu Prakash